| 000 | 00324nam a2200133Ia 4500 | ||
|---|---|---|---|
| 008 | 230917s9999||||xx |||||||||||||| ||und|| | ||
| 040 |
_e108138 _aMAIN |
||
| 041 | _aEnglish | ||
| 082 | _a658.4092 I2L | ||
| 100 | _aICFAI | ||
| 245 | 0 | _aLeadership and corporate governance | |
| 260 |
_aHyderabad _bICFAI _c2002 |
||
| 942 | _cBK | ||
| 999 |
_c123095 _d123095 |
||